00496nam a2200145Ia 4500008004100000041000800041082001600049100001900065245004500084260003800129300003300167365001100200999001700211952012200228240624s9999 xx 000 0 und d aeng a658.155 KOL aKOLLER GLENN R aMODERN CORPORATE RISK MANAGEMENT A BLUEP c2014aNew DelhibCengage Learning axxiii, : 272 : p. : cm. ; 22 cRSb31 c23382d23382 00104070aIMTNbIMTNcRack 25-Bd2014-10-07eAPg450.00o658.155 KOLp23382r2024-06-24 00:00:00t1w2024-06-24yBK